[Event "AUS-ch Major"]
[Site "Cammeray"]
[Date "2011.01.11"]
[Round "9"]
[White "Brockman, Roland"]
[Black "Chen, Vincent"]
[Result "1/2-1/2"]
[WhiteElo "1727"]
[BlackElo "1882"]
[PlyCount "48"]
[EventDate "2011.01.02"]
[EventType "swiss"]
[EventRounds "11"]
[EventCountry "AUS"]
[SourceTitle "CBM 140 Extra"]
[Source "ChessBase"]
[SourceDate "2011.03.01"]
[SourceVersion "1"]
[SourceVersionDate "2011.03.01"]
[SourceQuality "1"]

1. d4 d5 2. Nf3 Nc6 3. e3 Bf5 4. Bd3 Bxd3 5. Qxd3 e6 6. c3 Bd6 7. Nbd2 Nf6 8. 0-0 0-0 9. e4 e5 10. exd5 Nxd5 11. dxe5 Bxe5 12. Qb5 a6 13. Qb3 Nb6 14. Nc4 Nxc4 15. Qxc4 Bd6 16. Bg5 Qd7 17. Rad1 Qf5 18. Bh4 Rfe8 19. Bg3 Ne5 20. Nxe5 Bxe5 21. Bxe5 Qxe5 22. Rd7 Re7 23. Rxe7 Qxe7 24. Rd1 Rd8 1/2-1/2

[Event "AUS-ch Major"]
[Site "Cammeray"]
[Date "2011.01.09"]
[Round "7"]
[White "Brockman, Roland"]
[Black "Jablon, Stephen Eric"]
[Result "0-1"]
[WhiteElo "1727"]
[BlackElo "1985"]
[PlyCount "88"]
[EventDate "2011.01.02"]
[EventType "swiss"]
[EventRounds "11"]
[EventCountry "AUS"]
[SourceTitle "CBM 140 Extra"]
[Source "ChessBase"]
[SourceDate "2011.03.01"]
[SourceVersion "1"]
[SourceVersionDate "2011.03.01"]
[SourceQuality "1"]

1. d4 Nf6 2. Bg5 e6 3. e4 h6 4. Bxf6 Qxf6 5. c3 b6 6. Bd3 Qg5 7. Nf3 Qxg2 8. Rg1 Qh3 9. Nbd2 Nc6 10. Qe2 Qh5 11. 0-0-0 Qa5 12. Kb1 b5 13. d5 Ne7 14. dxe6 fxe6 15. e5 Nd5 16. Nb3 Qb6 17. Bxb5 a5 18. c4 Nb4 19. Nfd4 a4 20. Qh5+ Ke7 21. c5 Qb7 22. c6 Qb6 23. cxd7 Bxd7 24. Bxd7 axb3 25. a3 Rd8 26. Bxe6 Rxd4 27. Qf7+ Kd8 28. axb4 Qxb4 29. Rxd4+ Qxd4 30. Qh5 Qd3+ 31. Ka1 Qa6+ 32. Kb1 Qa2+ 33. Kc1 Qa1+ 34. Kd2 Qxg1 35. Qf3 Bb4+ 36. Kd3 Qg6+ 37. Bf5 Qa6+ 38. Ke3 Bc5+ 39. Kf4 Qc4+ 40. Kg3 Qd4 41. Qa8+ Ke7 42. Qxh8 Qxf2+ 43. Kg4 Qg2+ 44. Kf4 g5# 0-1

[Event "AUS-ch Major"]
[Site "Cammeray"]
[Date "2011.01.05"]
[Round "4"]
[White "Reynolds, Paul J"]
[Black "Brockman, Roland"]
[Result "1/2-1/2"]
[WhiteElo "1784"]
[BlackElo "1727"]
[PlyCount "97"]
[EventDate "2011.01.02"]
[EventType "swiss"]
[EventRounds "11"]
[EventCountry "AUS"]
[SourceTitle "CBM 140 Extra"]
[Source "ChessBase"]
[SourceDate "2011.03.01"]
[SourceVersion "1"]
[SourceVersionDate "2011.03.01"]
[SourceQuality "1"]

1. b3 d5 2. Bb2 Bg4 3. h3 Bh5 4. d3 e6 5. Nd2 Nf6 6. Ngf3 Bxf3 7. Nxf3 Bd6 8. e3 0-0 9. g4 Nbd7 10. g5 Ne8 11. d4 c5 12. Bd3 cxd4 13. exd4 Rc8 14. c3 e5 15. Bf5 e4 16. Ne5 Bxe5 17. dxe5 Nxe5 18. Bxc8 Nd3+ 19. Kf1 Nxb2 20. Qd2 Qxc8 21. Qxb2 Qf5 22. Qd2 f6 23. g6 hxg6 24. Rd1 Nc7 25. Qe3 b6 26. Rg1 g5 27. Qg3 Ne6 28. Qg4 Qxg4 29. hxg4 Nf4 30. Rg3 Rc8 31. Re3 Kh7 32. f3 exf3 33. Kf2 Kg6 34. Kxf3 b5 35. Rd4 a5 36. a4 bxa4 37. Rxa4 Rc5 38. b4 axb4 39. cxb4 Rc1 40. Rb3 d4 41. Ra2 d3 42. b5 Rf1+ 43. Rf2 Rh1 44. Ke4 Re1+ 45. Kd4 Ne6+ 46. Kxd3 Nc5+ 47. Kd2 Re8 48. Re3 Rb8 49. Rf5 1/2-1/2

[Event "Sydney op"]
[Site "Parramatta"]
[Date "2010.04.10"]
[Round "7"]
[White "Goundar, Sanmogam"]
[Black "Brockman, Roland"]
[Result "1-0"]
[WhiteElo "1929"]
[BlackElo "1743"]
[PlyCount "77"]
[EventDate "2010.04.07"]
[EventType "swiss"]
[EventRounds "9"]
[EventCountry "AUS"]
[SourceTitle "CBM 135 Extra"]
[Source "ChessBase"]
[SourceDate "2010.05.04"]
[SourceVersion "1"]
[SourceVersionDate "2010.05.04"]
[SourceQuality "1"]

1. d4 d5 2. c4 e6 3. Nc3 Be7 4. Nf3 Nf6 5. Bg5 h6 6. Bh4 0-0 7. Ne5 dxc4 8. e3 Nd5 9. Bxe7 Qxe7 10. Nxc4 Nxc3 11. bxc3 Rd8 12. Bd3 c5 13. 0-0 cxd4 14. exd4 Nc6 15. Re1 Qc7 16. Rc1 Bd7 17. Bb1 Ne7 18. Qd3 g6 19. Ne5 Kg7 20. g4 Rac8 21. c4 Be8 22. h4 Nc6 23. Nxc6 Qxc6 24. d5 exd5 25. cxd5 Qxc1 26. Rxc1 Rxc1+ 27. Kg2 Bc6 28. Qd4+ Kh7 29. Be4 a6 30. Qf6 Rd7 31. dxc6 bxc6 32. Bxc6 Rc7 33. Bd5 R1c2 34. Bxf7 R2c6 35. Bxg6+ Kg8 36. Qf5 Rc5 37. Qe6+ Kg7 38. Be4 Rc4 39. Qg6+ 1-0

[Event "Sydney op"]
[Site "Parramatta"]
[Date "2010.04.09"]
[Round "6"]
[White "Brockman, Roland"]
[Black "Wang, Oscar Miao"]
[Result "0-1"]
[WhiteElo "1743"]
[BlackElo "1943"]
[PlyCount "150"]
[EventDate "2010.04.07"]
[EventType "swiss"]
[EventRounds "9"]
[EventCountry "AUS"]
[SourceTitle "CBM 135 Extra"]
[Source "ChessBase"]
[SourceDate "2010.05.04"]
[SourceVersion "1"]
[SourceVersionDate "2010.05.04"]
[SourceQuality "1"]

1. d4 d5 2. Nf3 e6 3. e3 Nf6 4. Bd3 Bd6 5. Nbd2 0-0 6. 0-0 Nbd7 7. e4 dxe4 8. Nxe4 Nxe4 9. Bxe4 Nf6 10. Bd3 b6 11. c3 Bb7 12. Bg5 h6 13. Bh4 Qe7 14. Qe2 Rfd8 15. Rad1 c5 16. Bb1 Rac8 17. Bg3 Bxg3 18. hxg3 Qc7 19. dxc5 Qxc5 20. Rxd8+ Rxd8 21. Rd1 Rd5 22. Rxd5 Qxd5 23. Qd3 Ne4 24. Qxd5 Bxd5 25. c4 Bb7 26. Kf1 g5 27. Ke2 f6 28. Ke3 Nd6 29. b3 Kf7 30. g4 e5 31. Ne1 Ke7 32. f3 Kd7 33. Nd3 Kc6 34. Nb4+ Kd7 35. Nd3 Ke7 36. c5 Nb5 37. cxb6 Na3 38. Nc5 Bc6 39. Be4 Bxe4 40. Kxe4 axb6 41. Na4 b5 42. Nc3 Ke6 43. Ne2 Nc2 44. Nc3 Nd4 45. a4 b4 46. Nd5 Nxb3 47. Nxb4 Nc5+ 48. Ke3 Nxa4 49. g3 Nc3 50. Nc6 Kd7 51. Nb8+ Kc7 52. Na6+ Kd6 53. Nb8 Na4 54. Na6 Nc5 55. Nb4 Ke6 56. Nc6 Nb3 57. Nd8+ Ke7 58. Nc6+ Kd7 59. Nb8+ Kd6 60. Na6 Nd4 61. Nb4 f5 62. gxf5 Nxf5+ 63. Kf2 Kc5 64. Nd3+ Kd4 65. Ne1 h5 66. Ng2 Kd3 67. Ne1+ Kd4 68. Ng2 h4 69. gxh4 gxh4 70. Ne1 Kc3 71. Kg1 Kd2 72. Kf2 h3 73. Kf1 h2 74. Kg2 Kxe1 75. Kxh2 Kf2 0-1